Sports Quiz

Random Sports or Golf Quiz
Score 0/20 Timer 06:00
2 Plays Today
% Correct
Phil Mickelson
93.6%
Tiger Woods
88.4%
Rickie Fowler
83.1%
John Daly
81.1%
Jack Nicklaus
80.2%
Bubba Watson
79.1%
Arnold Palmer
75.8%
Greg Norman
74.9%
Adam Scott
70.8%
Payne Stewart
70.6%
% Correct
Ian Poulter
62.2%
Miguel Ángel Jiménez
58.9%
Gary Player
58.8%
Ben Hogan
54.2%
Bobby Jones
51%
Jesper Parnevik
48.4%
Chi Chi Rodriguez
44.9%
Camilo Villegas
39.3%
Jean van de Velde
39.1%
Keegan Bradley
31.5%
Remove Ads.
Support Sporcle.
Get the best of Sporcle when you Go Orange. This ad-free experience offers more features, more stats, and more fun while also helping to support Sporcle. Thank you for becoming a member.

You're not logged in!

Compare scores with friends on all Sporcle quizzes.
OR
Log In

Show Comments

Extras

Top Quizzes Today


Score Distribution

Your Account Isn't Verified!

In order to create a playlist on Sporcle, you need to verify the email address you used during registration. Go to your Sporcle Settings to finish the process.

Report this User

Report this user for behavior that violates our Community Guidelines.

Details: